Car Companies That No Longer Exists - Sudden Death - Statistics

General Stats
  • This quiz has been taken 94 times
  • The average score is 8 of 10
Answers on the Grid
Answers color-coded by a green-red scale on the quiz's grid according to % correct below.
Pontiac
GMC
Oldsmobile
Plymouth
Dodge
Chrysler
Edsel
FMC
Ford
Studebaker
Jeep
Volkswagen
Hyundai
Delorean Motor Company
AMC
Saturn
Toyota
Hummer
Lincoln
Honda
 
Answer Stats
Answer % Correct
Delorean Motor Company
84%
Edsel
84%
Oldsmobile
84%
Studebaker
84%
Plymouth
81%
Saturn
74%
AMC
73%
FMC
71%
Pontiac
71%
Hummer
56%
No matching quizzes found
Score Distribution
Percent of People with Each Score
Percentile by Number Answered
Your Score History
You have not taken this quiz